000 00408nam a2200109Ia 4500
008 230320s9999||||xx |||||||||||||| ||spa||
082 _aTMI/2007/18
100 _aRodríguez Villavicencio, Eduardo
245 0 _aDiseño Curricular De Aula De Orientación Y Tutoría Y La Formación En Valores En El Quinto Grado De Primaria Del Colegio Santa María Marianistas De Lima
260 _bLima 2007
942 _80
_cLIB
999 _c47454
_d47454